| 000 | 00395nam a2200157Ia 4500 | ||
|---|---|---|---|
| 005 | 20250627032007.0 | ||
| 008 | 240331s9999 xx 000 0 und d | ||
| 082 |
_bSEN _a891 |
||
| 100 | _aSenanayake,G.S.B | ||
| 245 | 0 | _aSanskrutha sahithyaya | |
| 250 | _a2nd | ||
| 260 |
_aNugegoda _bM.D.Gunasena Book & Co _c1960 |
||
| 300 | _a664 p ., | ||
| 500 | _aA book on Sanskrit Literature | ||
| 942 | _cL | ||
| 999 |
_c4898 _d4898 |
||